[Event "17. Int. Boeblinger Open"]
[Site "Boeblingen"]
[Date "2000.12.29"]
[Round "6"]
[White "Weiland, Guenter"]
[Black "Werner, Isabel"]
[Result "0-1"]
[WhiteElo "2095"]
[BlackElo "2259"]
[PlyCount "72"]
[EventDate "2000.12.26"]

1. Nf3 d6 2. c4 e5 3. Nc3 Nc6 4. g3 Be6 5. d3 h6 6. Bg2 Qd7 7. h3 g6 8. Rb1 Bg7
9. b4 Nge7 10. Bd2 O-O 11. Qc1 Kh7 12. e4 f5 13. Nd5 Rf7 14. b5 Nd8 15. Nxe7
Rxe7 16. g4 fxe4 17. dxe4 Bg8 18. Be3 a6 19. Qc2 axb5 20. Rxb5 Qc6 21. Nd2 Qa6
22. Rb2 Ne6 23. O-O b6 24. Rc1 Nf4 25. Bf1 Qc8 26. Rb3 Be6 27. Bxf4 exf4 28.
Nf3 Bd7 29. Rbb1 Ba4 30. Qd3 Bc6 31. Re1 Rxa2 32. Nd4 Bb7 33. Nb5 Qa8 34. Bg2
Be5 35. Re2 Ra1 36. Bf3 c6 0-1

[Event "17. Int. Boeblinger Open"]
[Site "Boeblingen"]
[Date "2000.12.29"]
[Round "6"]
[White "Wornath, Kai Rudolf"]
[Black "Schmittdiel, Eckhard"]
[Result "1/2-1/2"]
[WhiteElo "2391"]
[BlackElo "2498"]
[PlyCount "25"]
[EventDate "2000.12.26"]

1. d4 Nf6 2. c4 e6 3. Nf3 Bb4+ 4. Bd2 Bxd2+ 5. Qxd2 d6 6. Nc3 Nc6 7. g3 O-O 8.
Bg2 Re8 9. Rd1 a6 10. O-O Bd7 11. d5 Ne7 12. dxe6 Bxe6 13. Nd4 1/2-1/2